Comparing primary and secondary terms analysis and re-normalisation (PStar) test and co-heating test results (Record no. 112282)

MARC details
000 -LEADER
fixed length control field 01364cad a22002175a 4500
001 - CONTROL NUMBER
control field L152940
008 - FIXED-LENGTH DATA ELEMENTS--GENERAL INFORMATION
fixed length control field 110517e20110412xxkd f s f000 0 eng d
020 ## - INTERNATIONAL STANDARD BOOK NUMBER
International Standard Book Number 9781409829027
035 ## - SYSTEM CONTROL NUMBER
System control number (Sirsi) u152940
041 0# - LANGUAGE CODE
Language code of text/sound track or separate title eng
110 1# - MAIN ENTRY--CORPORATE NAME
Corporate name or jurisdiction name as entry element United Kingdom
Subordinate unit Department for Communities and Local Government
9 (RLIN) 4939
245 00 - TITLE STATEMENT
Title Comparing primary and secondary terms analysis and re-normalisation (PStar) test and co-heating test results
Remainder of title final report
Medium [electronic resource]
260 ## - PUBLICATION, DISTRIBUTION, ETC.
Place of publication, distribution, etc. London
Name of publisher, distributor, etc. DCLG
Date of publication, distribution, etc. 2011
520 ## - SUMMARY, ETC.
Summary, etc. The project 'PStar Comparison Project' was carried out under the DCLG framework contract with FMNectar. The purpose of the project was to compare the results of the PStar method (Primary and Secondary Terms Analysis and Re-normalisation) of determining the heat loss co-efficient of a house with the co-heating tests as carried out by Leeds Metropolitan University. The project's aim was to investigate the potential for a short-term energy monitoring test to be used as a compliance check for Part L of the Building Regulations.
521 ## - TARGET AUDIENCE NOTE
Target audience note Advanced
590 ## - LOCAL NOTE (RLIN)
Local note KA
651 #4 - SUBJECT ADDED ENTRY--GEOGRAPHIC NAME
Geographic name United Kingdom
Chronological subdivision
690 ## - LOCAL SUBJECT ADDED ENTRY--TOPICAL TERM (OCLC, RLIN)
Topical term or geographic name as entry element ENVIRONMENTAL AND LAND CONSULTANCY-ENERGY-ENERGY USE-ENERGY EFFICIENCY
856 40 - ELECTRONIC LOCATION AND ACCESS
Uniform Resource Identifier <a href="https://www.communities.gov.uk/documents/corporate/pdf/1898592.pdf">https://www.communities.gov.uk/documents/corporate/pdf/1898592.pdf</a>
Public note View this item free of charge at www.communities.gov.uk
942 ## - ADDED ENTRY ELEMENTS (KOHA)
Suppress in OPAC 0
Holdings
Withdrawn status Lost status Source of classification or shelving scheme Damaged status Not for loan Home library Current library Shelving location Date acquired Total Checkouts Full call number Barcode Date last seen Copy number Price effective from Koha item type
    Dewey Decimal Classification     Virtual Virtual Online 17/05/2011   ONLINE PUBLICATION 152940-2001 06/08/2019 1 06/08/2019 Book